[Event "IND-ch U11 20th"]
[Site "Chennai"]
[Date "2006.11.05"]
[Round "3"]
[White "Raste, Aditya"]
[Black "Yashas, Devappa"]
[Result "0-1"]
[WhiteElo "1843"]
[BlackElo "2023"]
[PlyCount "96"]
[EventDate "2006.11.04"]
[EventType "swiss"]
[EventRounds "11"]
[EventCountry "IND"]
[SourceTitle "EXT 2010"]
[Source "ChessBase"]
[SourceDate "2010.11.25"]
[SourceVersion "1"]
[SourceVersionDate "2010.11.25"]
[SourceQuality "1"]

1. e4 c5 2. c3 d5 3. exd5 Qxd5 4. d4 Nf6 5. Nf3 Bg4 6. Be2 e6 7. 0-0 Nc6 8. Be3 cxd4 9. cxd4 Be7 10. Nc3 Qd8 11. h3 Bh5 12. Qb3 Rb8 13. Rad1 0-0 14. a3 Nd5 15. Nxd5 exd5 16. Bf4 Na5 17. Qa4 b5 18. Qc2 Rc8 19. Qf5 Bg6 20. Qg4 Rc2 21. Ne5 Rxb2 22. Nxg6 hxg6 23. Bd3 Rb3 24. a4 bxa4 25. Ba6 a3 26. Rfe1 Bf6 27. Be5 a2 28. Bd3 a1Q 29. Rxa1 Rxd3 30. Bxf6 gxf6 31. h4 Nc6 32. h5 Rxd4 33. Qg3 Kg7 34. Rac1 Rc4 35. Rcd1 d4 36. Re4 Qd5 37. Rh4 Qe5 38. Qh3 Rc3 39. g3 g5 40. Rg4 Kh6 41. Rf1 Rf3 42. Qg2 Qf5 43. Qh3 Ne5 44. Rh4 gxh4 45. Qxh4 d3 46. Kg2 d2 47. Qb4 Rd8 48. Qe7 d1Q 0-1